LEADER 02050nam0-2200529---450- 001 990001050400203316 005 20090629100521.0 010 $a88-85269-61-3 035 $a0105040 035 $aUSA010105040 035 $a(ALEPH)000105040USA01 035 $a0105040 100 $a20020321d1994----km-y0ITAy01------ba 101 $aita$aeng 102 $aIT 105 $a00||| 200 1 $a<> nuova protezione civile in Italia$d= The new law of Italian civil defence$fVincenzo Pepe 210 $aSalerno$cElea press$d[1994] 215 $a69 p.$d21 cm 225 2 $aCollana universitaria 300 $aIn testa al front.: Universitą degli studi di Salerno, Dipartimento di studi internazionali=University of Salerno, Department of international studies; Centro studi protezione civile, Cattedra di diritto del lavoro=The civil defence studi center, Institute of labour law 300 $aSegue: Appendice legislativa e documentazione 410 0$12001$aCollana universitaria 510 1 $a<> new law of Italian civil defence 606 $aProtezione civile$xLegislazione 676 $a344.450534 700 1$aPEPE,$bVincenzo$0528717 801 0$aIT$bsalbc$gISBD 912 $a990001050400203316 951 $aXXIV.3.P 294a (TESTI 1258)$b5266 G$cXXIV.3.P 294a (TESTI)$d00172963 951 $aTESTI 1258$b5267 G$cTESTI 951 $aXXIV.3.P 294 (TESTI 1258)$b5268 G$cXXIV.3.P 294 (TESTI)$d00172958 951 $aII.5. 3363(XV B 545)$b123093 LM$cXV B 951 $aII.5. 3363a(XV B 545 BIS)$b123094 LM$cXV B 959 $aBK 969 $aGIU 969 $aUMA 979 $aPATTY$b90$c20020321$lUSA01$h1120 979 $aPATTY$b90$c20020321$lUSA01$h1121 979 $aPATTY$b90$c20020321$lUSA01$h1122 979 $c20020403$lUSA01$h1745 979 $aPATRY$b90$c20040406$lUSA01$h1713 979 $aCOPAT1$b90$c20050711$lUSA01$h1034 979 $aCOPAT3$b90$c20060103$lUSA01$h1353 979 $aRSIAV2$b90$c20090629$lUSA01$h1005 996 $aNuova protezione civile in Italia$9976243 997 $aUNISA LEADER 00985nam a2200217 a 4500 001 991001951579707536 008 020 $a8883180011 035 $ab13453063-39ule_inst 040 $aDip.to di Studi Storici$bita 100 1 $aCarena, Carlo$d<1925- >$0168477 245 13$aLa cittą nella poesia latina :$brelazione al Premio di poesia e di traduzione poetica Achille Marazza, Citta di Borgomanero, edizione 1999 /$cCarlo Carena 260 $aBorgomanero :$bFondazione Achille Marazza,$cstampa 2000 300 $a32 p. :$bill. ;$c16 cm 440 0$aQuaderni del premio di poesia Achille Marazza, Cittą di Borgomanero ;$v4 907 $a.b13453063$b02-04-14$c13-11-06 912 $a991001951579707536 945 $aLE023 Misc. St. I, 4 $g1$i2023000091777$lle023$o-$pE3.00$q-$rn$so $t0$u0$v0$w0$x0$y.i14381291$z28-02-07 996 $aCittą nella poesia latina$91098978 997 $aUNISALENTO 998 $ale023$b - - $cm$da $e-$fita$git $h3$i0